| 000 | 00622nam a22001937a 4500 | ||
|---|---|---|---|
| 005 | 20140722112747.0 | ||
| 010 | _aENG-110005 | ||
| 020 |
_c995.00 _a9788183763431 |
||
| 035 | _aEN-93538 | ||
| 037 | _bDBAD/PUB | ||
| 082 | _a364 | ||
| 100 | _aSingh, Anjana | ||
| 245 | 0 | 0 |
_aCrime and criminology / _cby Anjana Singh |
| 260 |
_aJaipur _bABD Publishers _c2011 |
||
| 270 |
_aBony Residency Gate NO-2 opp Tilak Public School,Vishveshria Nagar,Gopalpura Road _bJaipur _e302018 |
||
| 300 |
_avi,296p. _c22cm(Hb) |
||
| 500 | _aIncludes bibliographical references and index | ||
| 942 |
_2ddc _cEN _mSIN _h364 |
||
| 999 |
_c84187 _d84187 |
||